[Event "EU-ch U12 Girls"]
[Site "Prague"]
[Date "2024.08.22"]
[Round "1"]
[White "Donets, Alina"]
[Black "Harutyunyan, Gabriela"]
[Result "1/2-1/2"]
[WhiteElo "1784"]
[BlackElo "1565"]
[PlyCount "152"]
[EventDate "2024.08.22"]
[EventType "swiss"]
[EventRounds "9"]
[EventCountry "CZE"]
[SourceTitle "CBM 221 Extra"]
[Source "ChessBase"]
[SourceDate "2024.09.30"]
[SourceVersion "1"]
[SourceVersionDate "2024.09.30"]
[SourceQuality "1"]

1. e4 c5 2. Nf3 e6 3. c3 d5 4. exd5 exd5 5. d4 Nc6 6. Bb5 Nf6 7. 0-0 Be7 8. Re1 0-0 9. Bg5 c4 10. Qe2 Be6 11. Nbd2 h6 12. Bh4 a6 13. Ba4 b5 14. Bc2 Re8 15. h3 a5 16. Qe3 b4 17. Qf4 Nh5 18. Bxe7 Nxf4 19. Bxd8 Rexd8 20. Ba4 Na7 21. Ne5 Bf5 22. Re3 f6 23. Nc6 Nxc6 24. Bxc6 Rac8 25. Ba4 Bd3 26. Bd1 Rb8 27. Nf3 bxc3 28. bxc3 Rb2 29. Ne1 Rdb8 30. Nxd3 Nxd3 31. Be2 Rb1+ 32. Rxb1 Rxb1+ 33. Kh2 Nxf2 34. Bf3 Rb5 35. a4 Rb1 36. Bxd5+ Kf8 37. Bxc4 h5 38. Kg3 Nd1 39. Rf3 Rc1 40. Bb3 Nxc3 41. Kf2 Ne4+ 42. Ke3 Ng5 43. Rg3 h4 44. Kd2 Rg1 45. Rg4 Ke7 46. Kd3 g6 47. Kc4 f5 48. Rxh4 Rxg2 49. Rh6 Ne4 50. Rh7+ Kd6 51. Bd1 f4 52. Ra7 f3 53. Rf7 f2 54. Be2 g5 55. Kd3 Ke6 56. Rf3 Ng3 57. Ke3 Nf5+ 58. Ke4 Nh4 59. Bc4+ Ke7 60. Rf7+ Ke8 61. Ke3 Rg3+ 62. Kxf2 Rxh3 63. Ra7 Rf3+ 64. Ke2 g4 65. Rxa5 Nf5 66. Re5+ Kd8 67. Ke1 g3 68. Bf1 Ne3 69. Ke2 Rxf1 70. Rg5 g2 71. Rxg2 Nxg2 72. Kxf1 Ne3+ 73. Ke2 Nd5 74. Kd3 Kd7 75. Kc4 Kd6 76. a5 Nc7 1/2-1/2

[Event "EU-ch U10 Girls 30th"]
[Site "Antalya"]
[Date "2022.11.13"]
[Round "8"]
[White "Sunea, Sara Maria"]
[Black "Harutyunyan, Gabriela"]
[Result "0-1"]
[WhiteElo "1355"]
[BlackElo "1201"]
[PlyCount "222"]
[EventDate "2022.11.06"]
[EventType "swiss"]
[EventRounds "9"]
[EventCountry "TUR"]
[SourceTitle "CBM 211 Extra"]
[Source "ChessBase"]
[SourceDate "2023.01.31"]
[SourceVersion "1"]
[SourceVersionDate "2023.01.31"]
[SourceQuality "1"]

1. e4 c5 2. c3 Nf6 3. e5 Nd5 4. d4 cxd4 5. cxd4 e6 6. Nc3 Nb6 7. Nf3 d6 8. exd6 Bxd6 9. Bd3 N8d7 10. 0-0 Nf6 11. Bg5 Be7 12. Qe2 Bd7 13. Rad1 Nbd5 14. Ne5 0-0 15. f4 Nxc3 16. bxc3 Nd5 17. Bxe7 Qxe7 18. Rf3 f5 19. Bc4 Rac8 20. Bxd5 exd5 21. Rh3 Be8 22. Qf3 Rd8 23. Qg3 Rd6 24. Re1 Qf6 25. Qd3 Ra6 26. Qd2 Ra3 27. Rhe3 Qa6 28. R1e2 Bh5 29. Rf2 Rc8 30. h3 Qa5 31. g4 fxg4 32. hxg4 Be8 33. Rh2 Rcxc3 34. Rxc3 Qxc3 35. Qxc3 Rxc3 36. Rb2 b6 37. Kf2 g6 38. Re2 Bb5 39. Rb2 Bd3 40. Ke1 Be4 41. Kf1 Rh3 42. Rf2 Rh1+ 43. Ke2 h5 44. gxh5 Rxh5 45. Kd2 Rh3 46. Kc1 Rh1+ 47. Kb2 Rb1+ 48. Kc3 Re1 49. Kb4 Rb1+ 50. Kc3 Kg7 51. Rh2 Rf1 52. Rh4 a5 53. Kb3 Rd1 54. Nc6 Rc1 55. Ne5 Rb1+ 56. Kc3 b5 57. a3 a4 58. Nd7 Rb3+ 59. Kd2 Rxa3 60. Nc5 Bf5 61. Rh1 Rf3 62. Ra1 Rxf4 63. Kc3 g5 64. Kb4 Rxd4+ 65. Kxb5 g4 66. Kc6 g3 67. Rf1 g2 68. Rg1 Rg4 69. Kxd5 Bc2 70. Ne6+ Kf6 71. Nc5 a3 72. Nd7+ Ke7 73. Ne5 Bb3+ 74. Kc6 Rg3 75. Re1 Be6 76. Rg1 a2 77. Kc5 a1Q 78. Rxa1 g1Q+ 79. Rxg1 Rxg1 80. Nc6+ Kf6 81. Kd4 Rd1+ 82. Kc5 Rc1+ 83. Kd6 Rd1+ 84. Kc5 Kf5 85. Nd4+ Ke5 86. Nc6+ Ke4 87. Nb4 Rc1+ 88. Kd6 Kf5 89. Nc6 Rd1+ 90. Kc5 Rd5+ 91. Kb4 Ke4 92. Na5 Bd7 93. Nb3 Ke3 94. Nc5 Be8 95. Nb3 Ke2 96. Kc4 Rd8 97. Nd4+ Kd1 98. Kc5 Bf7 99. Nc6 Re8 100. Nd4 Kd2 101. Nc6 Kc3 102. Kd6 Re4 103. Ne5 Bg8 104. Nc6 Kc4 105. Ne5+ Kb5 106. Nd7 Bc4 107. Ne5 Kb6 108. Nd7+ Ka7 109. Kc5 Bf7 110. Nf6 Rf4 111. Nh7 Bg6 0-1

[Event "EU-ch U10 Girls 30th"]
[Site "Antalya"]
[Date "2022.11.11"]
[Round "6"]
[White "Harutyunyan, Gabriela"]
[Black "Svitenko, Solomiia"]
[Result "1-0"]
[WhiteElo "1201"]
[BlackElo "1123"]
[PlyCount "73"]
[EventDate "2022.11.06"]
[EventType "swiss"]
[EventRounds "9"]
[EventCountry "TUR"]
[SourceTitle "CBM 211 Extra"]
[Source "ChessBase"]
[SourceDate "2023.01.31"]
[SourceVersion "1"]
[SourceVersionDate "2023.01.31"]
[SourceQuality "1"]

1. e4 c5 2. g3 Nc6 3. Bg2 e5 4. Ne2 g6 5. c4 Bg7 6. 0-0 Nge7 7. Nbc3 d6 8. d3 0-0 9. a3 Be6 10. Nd5 a6 11. Nec3 Nd4 12. b4 b6 13. Rb1 Rb8 14. bxc5 dxc5 15. Na4 Nxd5 16. cxd5 Bd7 17. Be3 Bxa4 18. Qxa4 Ne2+ 19. Kh1 Nc3 20. Qxa6 Nxb1 21. Rxb1 Qd6 22. a4 Qc7 23. Rc1 Ra8 24. Qb5 Ra5 25. Qb3 Rfa8 26. Rc4 Qa7 27. h4 Rxa4 28. Rxa4 Qxa4 29. Qxb6 c4 30. dxc4 Qxc4 31. Qb7 Rc8 32. Kh2 Bf8 33. Bh3 Rd8 34. Bg5 Rd6 35. Qb8 Rb6 36. Qxb6 Qxe4 37. d6 1-0

[Event "EU-ch U10 Girls 30th"]
[Site "Antalya"]
[Date "2022.11.09"]
[Round "4"]
[White "Harutyunyan, Gabriela"]
[Black "Ejsymont, Blanka"]
[Result "1/2-1/2"]
[WhiteElo "1201"]
[BlackElo "1359"]
[PlyCount "102"]
[EventDate "2022.11.06"]
[EventType "swiss"]
[EventRounds "9"]
[EventCountry "TUR"]
[SourceTitle "CBM 211 Extra"]
[Source "ChessBase"]
[SourceDate "2023.01.31"]
[SourceVersion "1"]
[SourceVersionDate "2023.01.31"]
[SourceQuality "1"]

1. e4 c5 2. g3 Nc6 3. Bg2 e5 4. Ne2 g6 5. 0-0 Bg7 6. Nbc3 Nge7 7. d3 0-0 8. f4 d6 9. Be3 Nd4 10. Na4 b5 11. Nac3 b4 12. Nd5 Nxe2+ 13. Qxe2 Nxd5 14. exd5 exf4 15. Bxf4 Bxb2 16. Rab1 Bd4+ 17. Kh1 Re8 18. Qf3 f5 19. h4 h5 20. Rbe1 Bb7 21. Rxe8+ Qxe8 22. Bxd6 Rd8 23. Qf4 Be3 24. Qe5 Qxe5 25. Bxe5 Bxd5 26. Re1 Bxg2+ 27. Kxg2 Bd2 28. Re2 Re8 29. Rxd2 Rxe5 30. Kf3 Kf7 31. Rd1 Kf6 32. Rc1 c4 33. Rd1 Rd5 34. Ke3 cxd3 35. cxd3 a5 36. Rc1 Rb5 37. Rc6+ Kg7 38. Ra6 Rd5 39. Ra8 Kh6 40. Rh8+ Kg7 41. Ra8 Kf6 42. Ra6+ Kf7 43. Ra7+ Ke6 44. Ra6+ Kf7 45. Ra7+ Kg8 46. Ra8+ Kh7 47. Ra7+ Kh6 48. Ra8 Kg7 49. Ra7+ Kh6 50. Ra8 Kg7 51. Ra7+ Kh6 1/2-1/2

[Event "EU-ch U10 Girls 30th"]
[Site "Antalya"]
[Date "2022.11.07"]
[Round "2"]
[White "Harutyunyan, Gabriela"]
[Black "Abak, Tuana"]
[Result "1-0"]
[WhiteElo "1201"]
[BlackElo "1406"]
[PlyCount "119"]
[EventDate "2022.11.06"]
[EventType "swiss"]
[EventRounds "9"]
[EventCountry "TUR"]
[SourceTitle "CBM 211 Extra"]
[Source "ChessBase"]
[SourceDate "2023.01.31"]
[SourceVersion "1"]
[SourceVersionDate "2023.01.31"]
[SourceQuality "1"]

1. e4 d5 2. exd5 Qxd5 3. Nc3 Qa5 4. Nf3 Nf6 5. Be2 Bg4 6. 0-0 Nc6 7. a3 0-0-0 8. b4 Qf5 9. d3 e6 10. Be3 Bd6 11. Ng5 Bxe2 12. Nxe2 Ng4 13. Nf3 Nce5 14. Ng3 Qf6 15. d4 Nxf3+ 16. Qxf3 Qxf3 17. gxf3 Nf6 18. c4 Rhe8 19. Ne4 e5 20. d5 Bf8 21. Rfd1 b6 22. Ng5 Re7 23. Ne4 Red7 24. Rd2 Nxe4 25. fxe4 f5 26. f3 f4 27. Bf2 g5 28. c5 h5 29. a4 g4 30. a5 g3 31. hxg3 bxc5 32. gxf4 Rg7+ 33. Kh1 cxb4 34. fxe5 Kb8 35. Rb1 Ka8 36. Bh4 Re8 37. d6 Rd7 38. Bg3 cxd6 39. exd6 Rb8 40. e5 Rg7 41. Bh4 Rd7 42. Bg3 Rg7 43. Bf2 Rd7 44. Bc5 Bh6 45. Rdb2 Bf4 46. e6 Rdd8 47. Rxb4 Rxb4 48. Rxb4 Bxd6 49. Bxd6 Rxd6 50. e7 Rd1+ 51. Kh2 Rd2+ 52. Kh3 Re2 53. Re4 Rxe4 54. fxe4 a6 55. e8Q+ Ka7 56. Qd7+ Ka8 57. e5 h4 58. e6 Kb8 59. e7 Ka8 60. e8Q# 1-0

[Event "Wch U10 Girls"]
[Site "Batumi"]
[Date "2022.09.24"]
[Round "8"]
[White "Hu, Ruyi"]
[Black "Harutyunyan, Gabriela"]
[Result "0-1"]
[WhiteElo "1399"]
[BlackElo "1228"]
[PlyCount "54"]
[EventDate "2022.09.16"]
[EventType "swiss"]
[EventRounds "11"]
[EventCountry "GEO"]
[SourceTitle "EXT 2023"]
[Source "ChessBase"]
[SourceDate "2022.10.05"]
[SourceVersion "1"]
[SourceVersionDate "2022.10.05"]
[SourceQuality "1"]

1. e4 c5 2. Nf3 Nc6 3. d4 cxd4 4. Nxd4 Nf6 5. Nc3 e5 6. Ndb5 d6 7. Be2 a6 8. Na3 b5 9. Nd5 Bb7 10. Bg5 Be7 11. Nxe7 Qxe7 12. c3 0-0 13. Nc2 Qe6 14. f3 Rad8 15. Ne3 Ne7 16. c4 bxc4 17. Bxc4 d5 18. exd5 Bxd5 19. Nxd5 Nexd5 20. Bxf6 gxf6 21. Qb3 Qc6 22. Rc1 Qc5 23. Rc2 Qa5+ 24. Kf2 Nf4 25. g3 Rd2+ 26. Kg1 Qc5+ 27. Qe3 Qxe3+ 0-1